Experimental techniques in physics and materials sciences : (Record no. 47443)

MARC details
000 -LEADER
fixed length control field 00683nam a2200229Ia 4500
005 - DATE AND TIME OF LATEST TRANSACTION
control field 20260122095417.0
008 - FIXED-LENGTH DATA ELEMENTS--GENERAL INFORMATION
fixed length control field 260121s9999||||xx |||||||||||||| ||und||
020 ## - INTERNATIONAL STANDARD BOOK NUMBER
International Standard Book Number 9798886131208
082 ## - DEWEY DECIMAL CLASSIFICATION NUMBER
Classification number 530.78
Item number SRI
100 ## - MAIN ENTRY--PERSONAL NAME
Personal name Srinivasan, R
245 #0 - TITLE STATEMENT
Title Experimental techniques in physics and materials sciences :
Remainder of title principles and methodologies /
250 ## - EDITION STATEMENT
Edition statement 1st ed.
260 ## - PUBLICATION, DISTRIBUTION, ETC. (IMPRINT)
Place of publication, distribution, etc Singapore :
Name of publisher, distributor, etc World Scientific,
Date of publication, distribution, etc 2025.
300 ## - PHYSICAL DESCRIPTION
Extent x, 521p.; pbk
650 ## - SUBJECT ADDED ENTRY--TOPICAL TERM
Topical term or geographic name as entry element Materials science — Experimental methods
650 ## - SUBJECT ADDED ENTRY--TOPICAL TERM
Topical term or geographic name as entry element Physics — Experiments
650 ## - SUBJECT ADDED ENTRY--TOPICAL TERM
Topical term or geographic name as entry element Scientific instrumentation
700 ## - ADDED ENTRY--PERSONAL NAME
Personal name Ramesh, T G
700 ## - ADDED ENTRY--PERSONAL NAME
Personal name Sundar, C S
700 ## - ADDED ENTRY--PERSONAL NAME
Personal name Umesh, G
942 ## - ADDED ENTRY ELEMENTS (KOHA)
Koha item type Text Books
Holdings
Date last seen Total Checkouts Full call number Barcode Price effective from Koha item type Lost status Damaged status Not for loan Collection code Withdrawn status Home library Current library Shelving location Date acquired Source of acquisition
22/01/2026   530.78 SRI 53088 22/01/2026 Text Books       Non-fiction   CUTN Central Library CUTN Central Library Sciences 22/01/2026 T. R. Publications, Chennai - Invoice No. - TRPHO/2024/CRB/369 on 06-03-2025